[Event "Napoli Natale al Vomero 2nd"]
[Site "Napoli"]
[Date "2005.12.09"]
[Round "6"]
[White "Panico, Antonio"]
[Black "Nacciarone, Guido"]
[Result "1-0"]
[WhiteElo "1476"]
[BlackElo "1354"]
[PlyCount "53"]
[EventDate "2005.11.03"]
[EventType "swiss"]
[EventRounds "6"]
[EventCountry "ITA"]
[SourceTitle "EXT 2018"]
[Source "ChessBase"]
[SourceDate "2017.10.13"]
[SourceVersion "1"]
[SourceVersionDate "2017.10.13"]
[SourceQuality "1"]

1. Nf3 Nf6 2. d4 d5 3. c4 e6 4. Nc3 Be7 5. e3 Nbd7 6. Bd3 b6 7. 0-0 0-0 8. Qc2 Ba6 9. cxd5 Bxd3 10. Qxd3 exd5 11. Qb5 c5 12. Qc6 cxd4 13. exd4 Rc8 14. Qb5 Nb8 15. Be3 a6 16. Qd3 h6 17. Rac1 b5 18. Rfe1 Nc6 19. a3 Qa5 20. Bd2 Qb6 21. Na2 a5 22. Rxc6 Qxc6 23. Rxe7 Ne4 24. Bxa5 Qc2 25. Qxc2 Rxc2 26. Bc3 Nxf2 27. Ne1 1-0